000 04034nam a22005775i 4500
001 978-3-319-65867-4
003 DE-He213
005 20210118123136.0
007 cr nn 008mamaa
008 170817s2017 gw | s |||| 0|eng d
020 _a9783319658674
_9978-3-319-65867-4
024 7 _a10.1007/978-3-319-65867-4
_2doi
050 4 _aQC173.96-174.52
072 7 _aPHQ
_2bicssc
072 7 _aSCI057000
_2bisacsh
072 7 _aPHQ
_2thema
082 0 4 _a530.12
_223
100 1 _aNorsen, Travis.
_eauthor.
_4aut
_4http://id.loc.gov/vocabulary/relators/aut
245 1 0 _aFoundations of Quantum Mechanics
_h[electronic resource] :
_bAn Exploration of the Physical Meaning of Quantum Theory /
_cby Travis Norsen.
250 _a1st ed. 2017.
264 1 _aCham :
_bSpringer International Publishing :
_bImprint: Springer,
_c2017.
300 _aXV, 310 p. 70 illus., 12 illus. in color.
_bonline resource.
336 _atext
_btxt
_2rdacontent
337 _acomputer
_bc
_2rdamedia
338 _aonline resource
_bcr
_2rdacarrier
347 _atext file
_bPDF
_2rda
490 1 _aUndergraduate Lecture Notes in Physics,
_x2192-4791
505 0 _aPre-Quantum Theories -- Quantum Examples -- The Measurement Problem -- The Locality Problem -- The Ontology Problem -- The Copenhagen Interpretation -- The Pilot-Wave Theory -- Bell's Theorem -- The Spontaneous Collapse Theory -- The Many-Worlds Theory.
520 _aAuthored by an acclaimed teacher of quantum physics and philosophy, this textbook pays special attention to the aspects that many courses sweep under the carpet. Traditional courses in quantum mechanics teach students how to use the quantum formalism to make calculations. But even the best students - indeed, especially the best students - emerge rather confused about what, exactly, the theory says is going on, physically, in microscopic systems. This supplementary textbook is designed to help such students understand that they are not alone in their confusions (luminaries such as Albert Einstein, Erwin Schroedinger, and John Stewart Bell having shared them), to sharpen their understanding of the most important difficulties associated with interpreting quantum theory in a realistic manner, and to introduce them to the most promising attempts to formulate the theory in a way that is physically clear and coherent. The text is accessible to students with at least one semester of prior exposure to quantum (or "modern") physics and includes over a hundred engaging end-of-chapter "Projects" that make the book suitable for either a traditional classroom or for self-study. .
650 0 _aQuantum physics.
650 0 _aPhilosophy and science.
650 0 _aPhysics.
650 1 4 _aQuantum Physics.
_0http://scigraph.springernature.com/things/product-market-codes/P19080
650 2 4 _aPhilosophy of Science.
_0http://scigraph.springernature.com/things/product-market-codes/E34000
650 2 4 _aHistory and Philosophical Foundations of Physics.
_0http://scigraph.springernature.com/things/product-market-codes/P29000
710 2 _aSpringerLink (Online service)
773 0 _tSpringer eBooks
776 0 8 _iPrinted edition:
_z9783319658667
776 0 8 _iPrinted edition:
_z9783319658681
830 0 _aUndergraduate Lecture Notes in Physics,
_x2192-4791
856 4 0 _uhttps://doi.org/10.1007/978-3-319-65867-4
912 _aZDB-2-PHA
999 _c445970
_d445970
942 _cEB
506 _aAvailable to subscribing member institutions only. Доступно лише організаціям членам підписки.
506 _fOnline access from local network of NaUOA.
506 _fOnline access with authorization at https://link.springer.com/
506 _fОнлайн-доступ з локальної мережі НаУОА.
506 _fОнлайн доступ з авторизацією на https://link.springer.com/